01430 a2200241 4500003000500000005001700005010001600022020001500038040000900053082001600062100003100078245007000109250001200179260003100191300003400222505056000256650003500816856008900851856009000940942001301030999001901043952012601062Nust20220811173950.0 a 88018764 a0471633011 cNust00a621.381,STE1 aSteinberg, Dave S.,96670610aVibration analysis for electronic equipment /cDave S. Steinberg. a2nd ed. aNew York :bWiley,cc1988. axix, 443 p. :bill. ;c25 cm. aIntroduction (Page-1), Vibrations of Simple Electronic (Page-20), Lumped Masses For Electronic Assemblies (Page-.44), Beam Structures for Electronic Subassemblies (Page-66), Electronic Components, Frames and Rings (Page-87), Printed Circuits Boards and Flat Plates (Page-130), Preventing Sinusoidal Vibration Failure (Page-173), Understanding Random Vibration (Page-206), Designing foe Stock environments (Page-275), Designing Electronic Boxes (Page-328), Vibration Fixtures and Vibration Testing (Page-371), Fatigue in Electronic Structures (Page-395).  0aTelecommunication Engineering.423Publisher descriptionuhttp://www.loc.gov/catdir/enhancements/fy0607/88018764-d.html423Table of contents onlyuhttp://www.loc.gov/catdir/enhancements/fy0607/88018764-t.html cREF2ddc c175516d175516 00102ddc4070aMCSbMCScREFd2016-12-12o621.381,STEpMCS20685r2016-12-08w2016-12-12yREFzAlmirah No.21, Shelf No.2